| 000 | 00460nam a2200181Ia 4500 | ||
|---|---|---|---|
| 005 | 20250423095816.0 | ||
| 008 | 250422s9999 xx 000 0 und d | ||
| 020 | _a0314933719 | ||
| 050 | _aTK 5103.7 .M547/ | ||
| 100 | _aMichael A. Miller | ||
| 245 | 0 | _aIntroduction to digital and data communication | |
| 260 | _aNew York | ||
| 260 | _bWest publishing company | ||
| 260 | _c1992 | ||
| 300 | _a435 p | ||
| 650 | _aDigital communications | ||
| 942 | _cBK | ||
| 999 |
_c31394 _d31394 |
||